| 000 | 01413cam a2200325 a 4500 | ||
|---|---|---|---|
| 001 | 17331163 | ||
| 005 | 20170105102905.0 | ||
| 008 | 120604s2013 nyu b 001 0 eng | ||
| 010 | _a 2012021778 | ||
| 020 | _a9780415698665 (hbk.) | ||
| 020 | _a9780203078860 (ebook) | ||
| 040 |
_aDLC _cDLC |
||
| 050 | 0 | 0 |
_aJZ6368 _b.K48 2013 |
| 082 | 0 | 0 |
_a303.6/9 _223 |
| 100 | 1 |
_aKevlihan, Robert, _d1972- |
|
| 245 | 1 | 0 |
_aAid, insurgencies and conflict transformation : _bwhen greed is good / _cRobert Kevlihan. |
| 260 |
_aMilton Park, Abingdon, Oxon ; _aNew York : _bRoutledge, _c2013. |
||
| 300 |
_axi, 136 p. ; _c25 cm. |
||
| 490 | 0 |
_aSecurity and conflict management ; _v9 |
|
| 504 | _aIncludes bibliographical references (p. [117]-132) and index. | ||
| 505 | 0 | _aIntroduction -- Aid and insurgencies: the common wisdom debated -- Introducing the cases: background and comparative framework -- Northern Ireland -- South Sudan -- Tajikistan -- Conclusions -- Notes. | |
| 650 | 0 |
_aConflict management _xEconomic aspects. |
|
| 650 | 0 |
_aInsurgency _xEconomic aspects _vCase studies. |
|
| 650 | 0 |
_aCivil war _xEconomic aspects _vCase studies. |
|
| 650 | 0 |
_aEconomic assistance _xPolitical aspects. |
|
| 650 | 0 |
_aHumanitarian aid _xPolitical aspects. |
|
| 906 |
_a7 _bcbc _corignew _d1 _eecip _f20 _gy-gencatlg |
||
| 942 |
_2ddc _cBK |
||
| 999 |
_c14833 _d14833 |
||